000 00670nam a2200193 i 4500
001 186797
003 SpMaBN
005 20231230063012.0
008 170216s1984 ck |||| | spa d
080 _a821.134.2(72) Rulfo, Juan 1.07
100 1 _aPalacios, Eduardo,
_d1944-
_9159491
245 1 3 _aLa imagen poética en la obra narrativa de Juan Rulfo /
_cEduardo Palacios.
260 _a[Colombia :
_bE. Palacios,
_c1984] (
_fEd. Quingráficas)
300 _a216 p. ;
_c23 cm.
504 _aBibliografía: p. 209-216.
600 1 4 _aRulfo, Juan (
_d1917-1986)-
_xCrítica e interpretación.
_9173453
852 _aES-MaACL
_jF-3047
999 _c186797
_d186797